Bezpečnostné a ochranné zariadenia robotizovaných pracovísk (The safety and protection machineries of robotized workplaces) [CD-ROM] : Bakalárska práca

Gespeichert in:
Bibliographische Detailangaben
1. Verfasser: Stanček, Marián, 1986- (Verfasst von)
Weitere Verfasser: Tolnay, Marián, 1946- (xxx), Bachratý, Michal, 1959- (Gegnerische Seite)
Format: Manuskript Buch
Sprache:Slowakisch
Veröffentlicht: Bratislava : STU v Bratislave SjF, 2008
Ausgabe:1.vyd.
Schlagworte:
Tags: Tag hinzufügen
Keine Tags, Fügen Sie das erste Tag hinzu!

MARC

LEADER 00000ntm a22000003a 4500
001 stu178317
005 20150617230044.6
008 090122s2008----xo------------------slo-d
040 |a STU  |b slo 
041 0 |a slo 
044 |a xo 
100 1 |a Stanček, Marián,  |d 1986-  |4 aut  |u J0070  |9 100  |U SjF Strojnícka fakulta  |T SjF Ústav výrobných systémov, enviromentálnej techniky a manažment kvality  |X 40968  |U J0070  |Y 804  |7 A000040968 
245 1 |a Bezpečnostné a ochranné zariadenia robotizovaných pracovísk (The safety and protection machineries of robotized workplaces) [CD-ROM] :  |b Bakalárska práca 
250 |a 1.vyd. 
260 |a Bratislava :  |b STU v Bratislave SjF,  |c 2008 
300 |a 44 s 
650 7 |a bezpečnosť robotizovaných  |2 stusub 
650 7 |a pracovísk  |2 stusub 
650 7 |a automatizované výrobné systémy  |2 stusub 
650 7 |a safety of robotized workplaces  |2 estusub 
650 7 |a automated production systems  |2 estusub 
700 1 |a Tolnay, Marián,  |d 1946-  |4 xxx  |u J0070  |U SjF Strojnícka fakulta  |T SjF Ústav výrobných systémov, enviromentálnej techniky a manažment kvality  |X 2403  |U J0070  |Y 804  |7 A000002403 
700 1 |a Bachratý, Michal,  |d 1959-  |4 opn  |u J0070  |U SjF Strojnícka fakulta  |T SjF Ústav výrobných systémov, enviromentálnej techniky a manažment kvality  |X 2443  |U J0070  |Y 804  |7 A000002443 
996 |b 284J035113  |c J*113/BP  |l JJSK  |s A  |a 24  |w stu178317_0001